[Event "Floripa Chess Open 2024"]
[Site "Florianopolis"]
[Date "2024.01.22"]
[Round "4.205"]
[White "Nunes, Lilia"]
[Black "Candido, Eduardo Da Silva"]
[Result "0-1"]
[WhiteElo "1325"]
[BlackElo "1792"]
[PlyCount "124"]
[EventDate "2024.01.20"]
[EventRounds "10"]
[EventCountry "BRA"]

1. c4 c5 2. g3 Nc6 3. Bg2 g6 4. Nc3 Bg7 5. Nf3 e5 6. d3 Nge7 7. O-O d6 8. Bg5
f6 9. Bd2 O-O 10. Rb1 ({RR} 10. Ne1 Be6 11. Nd5 Rb8 12. Nc2 Qd7 13. b4 Bh3 14.
b5 Bxg2 15. bxc6 Qh3 16. Nxe7+ Kf7 17. c7 Kxe7 18. cxb8=Q Rxb8 19. Ne3 Bc6 20.
Nd5+ Kf7 21. e4 h5 22. Qf3 h4 23. Qg2 Qe6 24. g4 b5 {Vallejo Pons,F (2705)
-Dominguez Perez,L (2712) Beijing 2011 1-0}) ({RR} 10. Ne1 Be6 11. Nc2 d5 12.
cxd5 Nxd5 13. Ne3 Nde7 14. Ne4 b6 15. Bc3 Rc8 16. Nc4 Rc7 17. a3 Nd5 18. Bd2
Kh8 19. Rb1 Bg8 20. Re1 Rd7 21. Qa4 Nd4 22. Ned6 Rxd6 23. Nxd6 Qxd6 24. b4 cxb4
{Pereira,A (1581)-Silva,K (2196) Florianópolis - Santa Catari 2023 0-1 (39)})
10... Rb8 11. a3 a5 12. Ne1 $146 ({RR} 12. Nb5 Be6 13. b4 axb4 14. axb4 cxb4
15. e4 Ra8 16. Bxb4 Nxb4 17. Rxb4 Nc6 18. Rb2 f5 19. Nd2 f4 20. Qc2 Qd7 21.
Rfb1 Bh3 22. Bh1 fxg3 23. hxg3 h5 24. Nf3 Bf6 25. Qd2 Kg7 26. Nc3 Rab8 {
Stephan,A (2186)-Hegele,J (1808) Nuremberg 2002 1-0 (40)}) 12... Be6 13. Nd5 b5
14. b3 bxc4 15. bxc4 Qd7 16. Nc2 a4 17. Qc1 Bf7 18. Bh6 Rxb1 19. Qxb1 Nxd5 20.
cxd5 Na5 21. Bxg7 Kxg7 22. e4 Qa7 23. Ne3 Rb8 24. Qc2 Rb3 25. Ra1 Qb6 26. Nc4
Nxc4 27. dxc4 Be8 28. Bf1 Rb2 29. Qc3 Qb3 30. Qd3 Rc2 31. Qd1 Ra2 32. Qc1 Qb2
33. Qxb2 Rxb2 34. h3 f5 35. f3 f4 36. g4 Kf6 37. h4 h5 38. g5+ Ke7 39. Bh3 Bd7
40. Bf1 Bc8 41. Bd3 Ba6 42. Kh1 Kd8 43. Rb1 Rxb1+ 44. Bxb1 Bxc4 45. Bc2 Bb5 46.
Kg2 Kc7 47. Kf2 c4 48. Ke1 c3 49. Kf2 Kb6 50. Bb1 Kc5 51. Ke1 Kd4 52. Bc2 Ke3
53. Bd1 Bd3 54. Bxa4 c2 55. Bxc2 Bxc2 56. a4 Bxa4 57. Kf1 Kxf3 58. Ke1 Bb5 59.
Kd2 Kg2 60. Kc3 f3 61. Kb4 f2 62. Kxb5 f1=Q+ 0-1

[Event "Floripa Chess Open 2024"]
[Site "Florianopolis"]
[Date "2024.01.22"]
[Round "4.206"]
[White "Bida, Jose Mateus"]
[Black "Paula Pinto, Mateus Arsenio"]
[Result "0-1"]
[WhiteElo "1800"]
[BlackElo "1640"]
[PlyCount "53"]
[EventDate "2024.01.20"]
[EventRounds "10"]
[EventCountry "BRA"]

1. d4 Nf6 2. Nf3 e6 3. c4 d5 4. cxd5 exd5 5. Bg5 Be7 6. Nc3 Nbd7 7. e3 h6 8.
Bh4 O-O 9. Bd3 c6 10. Qc2 Re8 11. O-O Ne4 12. Bxe7 Qxe7 13. Nd2 Ndf6 14. Rfe1
Nxd2 ({RR} 14... Bf5 15. f3 Nxd2 16. Qxd2 Bxd3 17. Qxd3 Rad8 18. Rad1 Rd6 19.
b4 Re6 20. e4 dxe4 21. fxe4 Qxb4 22. e5 Nd5 23. Ne4 Rg6 24. Rf1 Re7 25. Nd6 c5
26. Nxf7 Qxd4+ 27. Qxd4 cxd4 28. Rxd4 Rxg2+ 29. Kxg2 {Senft,S (2089)-Korchmar,
V (2438) chess.com INT 2023 0-1 (41)}) 15. Qxd2 Ne4 16. Qc2 f5 17. f3 $146 ({RR
} 17. Bxe4 fxe4 18. Ne2 Rf8 19. Nf4 Qf7 20. Rf1 Bd7 21. a4 Rae8 22. Qb3 Bc8 23.
Rac1 Re7 24. Qb4 g5 25. Ng6 Ree8 26. Nxf8 Rxf8 27. f3 exf3 28. Rxf3 Qe8 29.
Rxf8+ Qxf8 30. Qxf8+ Kxf8 31. Kf2 Ke7 {Belczewski,J (1355)-Tyda,K (2016)
Gdansk 2011 1-0 (48)}) ({RR} 17. Rab1 Qg5 18. b4 h5 19. Nd1 h4 20. f3 Nd6 21.
Qc5 Re6 22. Nf2 Nf7 23. Nh3 Qf6 24. Nf4 Re8 25. b5 g5 26. Nh3 f4 27. e4 Bxh3
28. gxh3 Qe6 29. Kg2 dxe4 30. Bc4 exf3+ 31. Kf2 Qg6 {Teodoro,R (1800)-Pastana,
R (1717) Rio Claro 2012 1-0 (48)}) 17... Nxc3 18. bxc3 Qf7 19. e4 fxe4 20. fxe4
dxe4 21. Bxe4 Bd7 22. Bg6 Rxe1+ 23. Rxe1 Qf4 24. Qb3+ Kh8 25. Qxb7 Rf8 26. Qb1
Qf2+ 27. Kh1 0-1

[Event "Floripa Chess Open 2024"]
[Site "Florianopolis"]
[Date "2024.01.22"]
[Round "4.207"]
[White "Guimaraes, Victor Carib Crosla"]
[Black "Barbetta Silva, Maria Eduarda"]
[Result "1-0"]
[WhiteElo "1522"]
[BlackElo "1800"]
[PlyCount "65"]
[EventDate "2024.01.20"]
[EventRounds "10"]
[EventCountry "BRA"]

1. d4 e6 2. Bf4 d5 3. e3 c5 4. c3 Nf6 5. Nf3 Nc6 6. Nbd2 cxd4 7. exd4 Be7 8.
Bd3 O-O 9. Ne5 Bd7 ({RR} 9... Nxe5 10. Bxe5 Bd7 11. Qf3 Qb6 12. Qh3 Ne4 13.
Nxe4 dxe4 14. Bxe4 f5 15. Bf3 Qxb2 16. O-O Bf6 17. Rab1 Qxc3 18. Rxb7 Bc6 19.
Rc7 Bxe5 20. dxe5 Rac8 21. Rxa7 Qxe5 22. Bxc6 Rxc6 23. Qb3 Rfc8 24. Rd7 {
Sedlak,N (2576)-Dimitrov,R (2380) Zadar 2009 1/2-1/2}) ({RR} 9... a6 10. h4
Nxe5 11. dxe5 Nd7 12. Bxh7+ Kxh7 13. Qh5+ Kg8 14. Nf3 f6 15. Ng5 fxg5 16. hxg5
Bxg5 17. Bxg5 Qe8 18. Qh7+ Kf7 19. Bf6 Nxf6 20. exf6 Rg8 21. O-O-O Kxf6 22. Rd3
Ke7 23. Qh4+ Kd7 24. c4 {Antonio,J (2277)-Reinecke,K (1861) chess.com INT 2023
1-0 (59)}) 10. Bg3 $146 ({RR} 10. Qe2 Be8 11. O-O Rc8 12. Rfe1 Qb6 13. Ndf3 a6
14. Rad1 Na5 15. Bb1 Bb5 16. Qc2 Ne4 17. Nd2 f5 18. f3 Nxd2 19. Qxd2 Nc4 20.
Nxc4 Bxc4 21. Kh1 Bb5 22. Re3 Bd7 23. Re2 Qc6 24. Be5 Bf6 {Smolin,S (2415)
-Nurlygayanov,Y (2040) Zaporozhye 2010 1-0 (48)}) ({RR} 10. Qf3 a6 11. g4 b5
12. a3 Rc8 13. Qh3 g6 14. Qf3 Na5 15. h4 Nc4 16. Rb1 a5 17. h5 Bc6 18. Bh6 Re8
19. Bxc4 dxc4 20. Nxc6 Qb6 21. Nxe7+ Rxe7 22. Qxf6 {1-0 (22) Robveille,L (1915)
-Mallet,G (1670) Angers 2009}) 10... Qb6 11. Qb3 Qxb3 12. axb3 Rfd8 13. b4 Nh5
14. Ndf3 Nxg3 15. hxg3 h6 16. Nxd7 Rxd7 17. O-O Bd6 18. Ra4 f6 19. Rfa1 e5 20.
Bf5 Rc7 21. Be6+ Kf8 22. Bxd5 Ne7 23. dxe5 Nxd5 24. exd6 Rd7 25. Rxa7 Rad8 26.
Nd4 Rxd6 27. Rxb7 Nb6 28. Raa7 Nd7 29. Kf1 Ne5 30. Rxg7 Nd3 31. Nf5 Ra6 32.
Rgf7+ Ke8 33. Ng7# 1-0

[Event "Floripa Chess Open 2024"]
[Site "Florianopolis"]
[Date "2024.01.22"]
[Round "4.208"]
[White "Leite, Gina Dourado Rocha"]
[Black "Da Rosa, Pauline Cardoso"]
[Result "0-1"]
[WhiteElo "1418"]
[BlackElo "1800"]
[PlyCount "42"]
[EventDate "2024.01.20"]
[EventRounds "10"]
[EventCountry "BRA"]

1. e4 c6 2. d4 d5 3. Nc3 dxe4 4. Nxe4 Bf5 5. Ng3 Bg6 6. Nf3 e6 7. Ne5 Ne7 8.
Nxg6 Nxg6 9. Bc4 Nd7 10. O-O Bd6 $146 ({RR} 10... Be7 11. Re1 Qc7 12. h3 O-O-O
13. c3 Nb6 14. Bd3 Nd5 15. a4 Bd6 16. Ne4 Bh2+ 17. Kh1 Bf4 18. Nc5 e5 19. Ra3
Nge7 20. Rb3 exd4 21. Rxb7 Qxb7 22. Nxb7 Kxb7 23. Bxf4 Nxf4 24. Rxe7+ Ka8 25.
Qb3 {Breitenbach,A (1822)-Hennemann,H (1490) Ansbach 2000 1-0}) ({RR} 10... Nb6
11. Bb3 Bd6 12. Ne4 Bxh2+ 13. Kh1 Bc7 14. Ng5 Qd6 15. f4 O-O 16. c3 Nd5 17. Qh5
Nf6 18. Qh3 Rae8 19. Bc2 h6 20. Ne4 Nxe4 21. Bxe4 f5 22. Bc2 Qd8 23. Be3 Qh4
24. Qxh4 Nxh4 25. g3 {Graffenberger,W (1602)-Auerswald,G (1390) Bad Sooden
2004 1/2-1/2 (43)}) 11. Re1 O-O 12. Qe2 Re8 13. Qd3 Qc7 14. Re3 c5 15. b3 a6
16. Qc3 cxd4 17. Qxd4 Bc5 18. Qc3 Bxe3 19. Bxe3 Nf6 20. f4 Nxf4 21. Nf5 Ne2+
0-1

[Event "Floripa Chess Open 2024"]
[Site "Florianopolis"]
[Date "2024.01.22"]
[Round "4.209"]
[White "Costa Neto, Luis Antonio"]
[Black "De Andrade, Arthur Batuli"]
[Result "1-0"]
[WhiteElo "1415"]
[BlackElo "1800"]
[PlyCount "77"]
[EventDate "2024.01.20"]
[EventRounds "10"]
[EventCountry "BRA"]

1. c4 c5 2. g3 Nf6 3. Bg2 e6 4. Nc3 Nc6 5. e4 Be7 6. f4 ({RR} 6. d3 O-O 7. Nge2
b6 8. O-O Bb7 9. f4 d6 10. h3 Nd4 11. Nxd4 cxd4 12. Ne2 e5 13. f5 Nd7 14. g4
Bg5 15. Ng3 a5 16. Nh5 h6 17. Qf3 Bxc1 18. Raxc1 Qg5 19. f6 g6 20. Ng3 Rfe8 {
Abrosimov,V (2341)-Sonnenschein,P (2219) chess.com INT 2023 0-1 (108)}) 6... d6
({RR} 6... e5 7. f5 Nd4 8. d3 d6 9. Nge2 g6 10. O-O gxf5 11. Nxd4 cxd4 12. Nd5
Nxd5 13. cxd5 h5 14. exf5 Bf6 15. Be4 Bd7 16. Bd2 Qb6 17. b4 Ke7 18. a4 Rag8
19. b5 h4 20. g4 h3 21. Kh1 {Miezis,N (2595)-Volodin,A (2502) Puhajarve 2012 1/
2-1/2 (33)}) 7. Nf3 e5 $146 ({RR} 7... O-O 8. d4 d5 9. cxd5 exd5 10. e5 Ne4 11.
Nxe4 dxe4 12. Nd2 e3 13. Nb3 cxd4 14. Bxc6 Bb4+ 15. Kf1 bxc6 16. Qxd4 Ba6+ 17.
Kg2 e2 18. Qxb4 Qd5+ 19. Kf2 Qxh1 20. Bd2 Qf1+ 21. Ke3 Rad8 {0-1 (21) Smith,
L-Jacobs,J New York,NY 1974}) ({RR} 7... a6 8. d4 cxd4 9. Nxd4 Qb6 10. Nxc6
Qxc6 11. Qe2 Qc7 12. O-O O-O 13. g4 Nd7 14. Be3 b6 15. g5 Bb7 16. Rac1 Rac8 17.
b3 Bc6 18. Rf3 Rfe8 19. Rg3 Qb7 20. Nd5 Bd8 21. Rf1 Nc5 22. Nf6+ {
Ornithopoulos,N (2240)-Kaloussis,E (2270) Athens 1984 1-0 (31)}) 8. f5 Nd4 9.
d3 Qb6 10. O-O O-O 11. Nxd4 cxd4 12. Nd5 Nxd5 13. exd5 Bd7 14. b3 Qd8 15. Qg4
g6 16. Be4 h5 17. Qf3 Kg7 18. g4 Bg5 19. Kh1 Bxc1 20. Raxc1 Qg5 21. Rg1 hxg4
22. Qxg4 Qxg4 23. Rxg4 Kf6 24. Rg2 gxf5 25. Bf3 Rg8 26. Rcg1 Rxg2 27. Rxg2 b5
28. Rb2 Kg5 29. a4 bxc4 30. bxc4 Bxa4 31. Ra2 Kf4 32. Bh5 Be8 33. Ra6 e4 34.
dxe4 fxe4 35. Rxd6 f5 36. Bd1 Rc8 37. Re6 Rxc4 38. Rxe8 Rc1 39. Kg2 1-0

[Event "Floripa Chess Open 2024"]
[Site "Florianopolis"]
[Date "2024.01.22"]
[Round "4.210"]
[White "Nunes, Alice"]
[Black "De Oliveira, Rosa Emilia Trizott"]
[Result "1-0"]
[WhiteElo "1274"]
[BlackElo "1800"]
[PlyCount "61"]
[EventDate "2024.01.20"]
[EventRounds "10"]
[EventCountry "BRA"]

1. d4 d5 2. Bf4 Nc6 3. Nf3 Nf6 4. e3 e6 5. Bb5 a6 ({RR} 5... Bd7 6. O-O Bd6 7.
Nc3 Bxf4 8. exf4 O-O 9. Ne5 Qe7 10. Re1 Qb4 11. Qd3 Rfd8 12. Bxc6 Bxc6 13. Nxc6
bxc6 14. a3 Qb6 15. b4 a5 16. Rab1 axb4 17. Rxb4 Qa7 18. Ra4 Qb6 19. Rxa8 Rxa8
20. Rb1 {Tishin,P (2296)-Slovineanu,V (2425) Tula 2000 1/2-1/2 (43)}) ({RR} 
5... Be7 6. Nbd2 Ne4 7. Nxe4 dxe4 8. Ne5 O-O 9. Bxc6 Qd6 10. Bxe4 Qb4+ 11. Qd2
Qxb2 12. O-O Bb4 13. Qd3 f5 14. Bf3 Bc3 15. Nc4 Qb4 16. Rab1 Qa4 17. Qxc3 Qe8
18. Bxb7 Bxb7 19. Rxb7 Qc6 20. Rxc7 {Nunes,A (1800)-Da Silva Neto,E (1707)
Florianópolis - Santa Catari 2023 1-0}) 6. Bxc6+ bxc6 7. O-O Bd7 $146 ({RR} 
7... Bd6 8. Ne5 Bb7 9. Nd2 Nd7 10. Nxd7 Qxd7 11. Qg4 O-O-O 12. Nb3 f5 13. Qe2
h6 14. c4 g5 15. Bxd6 cxd6 16. c5 f4 17. cxd6 Qxd6 18. Nc5 g4 19. exf4 Qxf4 20.
Nxe6 Qf5 21. Nxd8 Rxd8 22. Rfe1 {Sedlak,N (2563)-Coman,G (1432) Satu Mare ROU
2020 1-0 (35)}) ({RR} 7... Bd6 8. Ne5 Bb7 9. Nd2 Nd7 10. Nxd7 Qxd7 11. Qg4
O-O-O 12. Nb3 f5 13. Qe2 h6 14. c4 g5 15. Bxd6 cxd6 16. c5 f4 17. cxd6 Qxd6 18.
Nc5 g4 19. exf4 Qxf4 20. Nxe6 Qf5 21. Nxd8 Rxd8 22. Rfe1 {Sedlak,N (2563)
-Coman,G (1432) Satu Mare ROU 2020 1-0 (35)}) 8. Nbd2 Be7 9. c3 O-O 10. h3 Rc8
11. b4 Ra8 12. a4 Bd6 13. Bh2 Qe7 14. Rb1 h5 15. Ne5 Bxe5 16. Bxe5 Rfb8 17.
Bxc7 Rc8 18. Be5 Kf8 19. Bxf6 Qxf6 20. Qxh5 Ke7 21. Nf3 g6 22. Qh4 Qxh4 23.
Nxh4 Rh8 24. Nf3 f6 25. Rfe1 Bc8 26. b5 axb5 27. axb5 cxb5 28. Rxb5 Ba6 29. Rb6
Bc8 30. Reb1 Bd7 31. Rb7 1-0

[Event "Floripa Chess Open 2024"]
[Site "Florianopolis"]
[Date "2024.01.22"]
[Round "4.211"]
[White "Mamede, Miguel Rodrigues"]
[Black "Scardini, Leonardo"]
[Result "1/2-1/2"]
[WhiteElo "1800"]
[BlackElo "1246"]
[PlyCount "59"]
[EventDate "2024.01.20"]
[EventRounds "10"]
[EventCountry "BRA"]

1. e4 c5 2. c3 d6 3. d4 cxd4 4. cxd4 e6 5. Nc3 Nf6 6. Nf3 Nc6 7. d5 exd5 8.
exd5 Ne5 ({RR} 8... Ne7 9. Bg5 Ng6 10. Bb5+ Bd7 11. Bxf6 Qxf6 12. Bxd7+ Kxd7
13. O-O Qf4 14. Qb3 Rb8 15. Qb5+ Kd8 16. Qa5+ {1-0 (16) Preotu,R (2445)
-Adewumi,T (2309) chess.com INT 2022}) 9. Bf4 $146 ({RR} 9. Be2 Nxf3+ 10. Bxf3
Be7 11. O-O O-O 12. Bf4 Bd7 13. Qb3 Qb8 14. Rfe1 Re8 15. a4 b6 16. h3 Bf8 17.
Qb4 Qc7 18. Rec1 Qc5 19. Na2 Qxb4 20. Nxb4 Rac8 21. Nc6 Bxc6 22. dxc6 d5 23. g4
g5 {Holze,G-Modes,W Germany 1994 1/2-1/2 (31)}) ({RR} 9. Bb5+ Ned7 10. O-O Be7
11. Qe1 O-O 12. Qe2 Re8 13. Bg5 Bf8 14. Bxf6 {1-0 (14) Szegi,T (2235)-Zsigmond,
K (2117) Hungary 2007}) 9... Nxf3+ 10. Qxf3 a6 11. Bd3 Be7 12. O-O O-O 13. Bg5
Re8 14. Rae1 b5 15. a3 Bb7 16. Re2 h6 17. Bxf6 Bxf6 18. Rfe1 Rxe2 19. Rxe2 Qc7
20. Rc2 Qe7 21. Re2 Be5 22. Qe4 g6 23. Na2 Re8 24. f4 Bf6 25. Qxe7 Rxe7 26.
Rxe7 Bxe7 27. Nc3 Kf8 28. Kf2 Ke8 29. Ke3 Kd7 30. g3 1/2-1/2

[Event "Floripa Chess Open 2024"]
[Site "Florianopolis"]
[Date "2024.01.22"]
[Round "4.212"]
[White "Oga, Dora Mantelle"]
[Black "Fraga, Sofia Carneiro"]
[Result "1-0"]
[WhiteElo "1800"]
[BlackElo "1174"]
[PlyCount "55"]
[EventDate "2024.01.20"]
[EventRounds "10"]
[EventCountry "BRA"]

1. d4 Nf6 2. c4 g6 3. Nc3 Bg7 4. e4 d6 5. Be2 O-O 6. f4 Nbd7 7. e5 dxe5 8. fxe5
Ne8 9. Nf3 c6 10. O-O Nc7 11. Ne4 $146 ({RR} 11. c5 Nb8 12. Qb3 Ne6 13. Be3 Qa5
14. Bc4 b5 15. Nxb5 Na6 16. Qc3 Qd8 17. Na3 Nac7 18. Ng5 Nd5 19. Bxd5 Qxd5 20.
Nc2 Nc7 21. Nb4 Qd7 22. Qc4 e6 23. Qc2 a5 24. Nd3 Bh6 25. Qf2 Nd5 {Loriette,P 
(2027)-Bourdeaud'Huy,T (2054) France 2003 1-0 (31)}) 11... Nb6 12. Be3 Bg4 13.
Qd2 Bxf3 14. Bxf3 Nxc4 15. Qe2 Nxe3 16. Qxe3 Nd5 17. Qf2 f6 18. h4 Nf4 19. Rad1
fxe5 20. dxe5 Qb6 21. Qxb6 axb6 22. Rd7 Rxa2 23. Rxe7 Rxb2 24. Rd1 Rb5 25. Rdd7
Rxe5 26. Rxg7+ Kh8 27. Rxh7+ Kg8 28. Rdg7# 1-0

[Event "Floripa Chess Open 2024"]
[Site "Florianopolis"]
[Date "2024.01.22"]
[Round "4.213"]
[White "Santos, Nathaly Camily Ferr"]
[Black "Rolim, Claudia Vitoria Fer"]
[Result "1-0"]
[WhiteElo "1167"]
[BlackElo "1745"]
[PlyCount "55"]
[EventDate "2024.01.20"]
[EventRounds "10"]
[EventCountry "BRA"]

1. e4 c5 2. Nf3 g6 3. d4 cxd4 4. Nxd4 Bg7 5. Nc3 e6 ({RR} 5... Nf6 6. Nde2 O-O
7. g3 b5 8. Bg2 Bb7 9. O-O b4 10. Nd5 Nxd5 11. exd5 d6 12. c3 a5 13. Bg5 Nd7
14. Re1 h6 15. Be3 Ne5 16. Bd4 Ba6 17. Be4 Rb8 18. f4 Bxe2 19. Rxe2 Nd7 20.
Bxg7 {Hoepfl,T (2225)-Cicak,S (2506) Passau 2000 0-1 (55)}) 6. Ndb5 Nc6 7. Nd6+
Kf8 $146 ({RR} 7... Ke7 8. Bg5+ Nf6 9. Bb5 Qc7 10. Bxc6 bxc6 11. e5 h6 12.
exf6+ Bxf6 13. Bxf6+ Kxf6 14. Qf3+ Kg7 15. Qxf7# {1-0 (15) Al Bulushi,R (1000)
-Nuha,R (1102) Chess.com 2021}) 8. Be3 Nf6 9. Bc4 Ne5 10. Be2 Ne8 11. Bf4 Qe7
12. Ncb5 a6 13. Nxe8 axb5 14. Nxg7 f6 15. Nxe6+ dxe6 16. Qd2 Kf7 17. O-O Rd8
18. Qe3 Qb4 19. Bxe5 fxe5 20. Qg5 Rd2 21. a3 Qxb2 22. Qxd2 Qd4 23. Qxd4 exd4
24. Bxb5 e5 25. f4 exf4 26. Rxf4+ Kg7 27. e5 Bf5 28. Rxd4 1-0

[Event "Floripa Chess Open 2024"]
[Site "Florianopolis"]
[Date "2024.01.22"]
[Round "4.215"]
[White "Seara, Sophia Parisotto"]
[Black "Nogueira, Manuela Mahara Buch"]
[Result "1-0"]
[WhiteElo "1154"]
[BlackElo "1666"]
[PlyCount "46"]
[EventDate "2024.01.20"]
[EventRounds "10"]
[EventCountry "BRA"]

1. d4 d5 2. c4 c6 3. Nc3 h6 4. Nf3 Nf6 5. Bf4 Bf5 ({RR} 5... dxc4 6. a4 Nd5 7.
Qc1 Nxf4 8. Qxf4 Qd6 9. Qxd6 exd6 10. e4 f5 11. exf5 d5 12. g4 h5 13. g5 Bxf5
14. Nh4 Bh7 15. O-O-O Be7 16. Re1 Rf8 17. g6 Bg8 18. Bh3 Kd8 19. Nf5 Bf6 20.
Nd6 {Petrukhina,I (2059)-Iskusnyh,S (2457) Tomsk 2009 0-1 (37)}) 6. cxd5 cxd5
7. Qb3 Nc6 $146 ({RR} 7... Qb6 8. Nxd5 Nxd5 9. Qxd5 e6 10. Qb3 Bb4+ 11. Bd2 Na6
12. a3 Bxd2+ 13. Nxd2 Qa5 14. Qc3 Qxc3 15. bxc3 Rc8 16. e4 Bg6 17. Rc1 Rc6 18.
Bb5 {1-0 (18) Molvig,H (2210)-Damgaard,S Copenhagen 1996}) ({RR} 7... b6 8. e4
dxe4 9. Ne5 Be6 10. Bb5+ Nbd7 11. d5 Bf5 12. Rc1 e6 13. O-O Bc5 14. dxe6 Bxe6
15. Qa4 a6 16. Bc6 b5 17. Qc2 O-O 18. Rfd1 Qe7 19. Nxd7 Nxd7 20. Bxa8 Rxa8 21.
Qxe4 Re8 22. Qb7 {Shattuck,A-Grskovic,A Tornelo INT 2021 1-0 (45)}) ({RR} 7...
Qb6 8. Qxb6 axb6 9. e3 Na6 10. Bb5+ Bd7 11. Bxd7+ Kxd7 12. Na4 Rd8 13. Nxb6+
Ke8 14. O-O e6 15. a3 Bd6 16. Bxd6 Rxd6 17. Na4 Ne4 18. Rac1 Ke7 19. Rc2 b5 20.
Nc5 Rc8 21. b4 f6 22. Nd2 {Timar,Z (2225)-Solymosi,L (1905) Hungary 1996 1-0  
(84)}) 8. Qxb7 Rc8 9. e3 e6 10. Bb5 Qc7 11. Qxc7 Rxc7 12. Bxc7 Be7 13. Bxc6+
Kf8 14. Nb5 Kg8 15. O-O Kh7 16. Rac1 Re8 17. Bd6 Bxd6 18. Nxd6 Rg8 19. Nxf5
exf5 20. Rc5 Ne4 21. Rxd5 Nf6 22. Rxf5 Rc8 23. Rc5 g6 1-0

[Event "Floripa Chess Open 2024"]
[Site "Florianopolis"]
[Date "2024.01.22"]
[Round "4.216"]
[White "Wathier, Natalia"]
[Black "Motta, Agahta Dos Santos"]
[Result "1-0"]
[WhiteElo "1800"]
[BlackElo "1124"]
[PlyCount "59"]
[EventDate "2024.01.20"]
[EventRounds "10"]
[EventCountry "BRA"]

1. d4 Nf6 2. Nf3 g6 3. Bf4 Bg7 4. Qd2 d5 5. Nc3 O-O 6. Bh6 Ne4 7. Qe3 ({RR} 7.
Nxe4 dxe4 8. Bxg7 Kxg7 9. Ne5 f6 10. Nc4 b5 11. Ne3 f5 12. g3 e5 13. Rd1 exd4
14. Qxd4+ Qxd4 15. Rxd4 Nc6 16. Rd2 Be6 17. Nd5 Bxd5 18. Rxd5 a6 19. Rc5 Nd4
20. c3 Ne6 21. Rc6 Kf6 {Rodriguez Fontecha,M (2309)-Mazurkiewicz,M (2163)
chess.com INT 2023 0-1 (50)}) 7... Nc6 ({RR} 7... Nxc3 8. Bxg7 Kxg7 9. Qxc3 Bf5
10. e3 Qd6 11. O-O-O ({RR} 11. Bd3 Bxd3 12. cxd3 a5 13. O-O Nd7 14. e4 Rfc8 15.
Rfe1 e6 16. Re2 Kg8 17. Rae1 c5 18. Qd2 cxd4 19. Qh6 Qf8 20. Qxf8+ Nxf8 21.
exd5 Rc5 22. dxe6 Nxe6 23. g3 Rac8 24. Ne5 Rc1 25. Kf1 R8c2) 11... Nd7 12. Nh4
Be6 13. f4 f5 14. h3 Nf6 15. Bd3 b5 16. Nf3 b4 17. Qc5 Nd7 18. Qxd6 exd6 19.
Ng5 Bg8 20. g4 c5 21. c3 bxc3 22. bxc3 {Jones,G (2665)-Tari,A (2584) Wijk aan
Zee 2017 1-0 (57)}) 8. Bxg7 Kxg7 9. h4 $146 ({RR} 9. Nxe4 dxe4 10. Qxe4 Bf5 11.
Qf4 Nb4 12. O-O-O Qd5 13. Qe5+ Qxe5 14. Nxe5 Bxc2 15. Rd2 Bf5 16. a3 Nd5 17. e3
f6 18. Nf3 c6 19. Bd3 Bxd3 20. Rxd3 Rac8 21. Kb1 Rfd8 22. Rc1 Nc7 23. Rdd1 Ne6
{Hobber,A (2278)-Boukhris,Y (2058) Helsingor 2013 1-0 (63)}) 9... Bf5 10. h5
Rh8 11. hxg6 hxg6 12. Rxh8 Qxh8 13. Qf4 Nxc3 14. bxc3 Bxc2 15. Qxc7 Rb8 16. Ne5
Ba4 17. Nxc6 bxc6 18. Qxa7 Bc2 19. Qxe7 Qh6 20. Qe5+ Kh7 21. Qxb8 Qg5 22. Qh2+
Kg8 23. Qe5 Qg4 24. Qe8+ Kg7 25. Qxc6 Be4 26. f3 Qg3+ 27. Kd2 Bf5 28. Qxd5 Qg5+
29. e3 Qg3 30. Qe5+ 1-0

[Event "Floripa Chess Open 2024"]
[Site "Florianopolis"]
[Date "2024.01.22"]
[Round "4.217"]
[White "Soares, Vinicius Tuma"]
[Black "Marques, Melissa Da Costa"]
[Result "0-1"]
[WhiteElo "1708"]
[BlackElo "1111"]
[PlyCount "32"]
[EventDate "2024.01.20"]
[EventRounds "10"]
[EventCountry "BRA"]

1. e4 e5 2. Nf3 Nc6 3. Nc3 Bc5 4. Bc4 Nf6 5. d3 d6 6. Bg5 h6 7. Bh4 g5 8. Bg3
Ng4 ({RR} 8... Qe7 9. h4 g4 10. Nd2 Be6 11. h5 O-O-O 12. Bh4 Nd4 13. Nd5 Bxd5
14. exd5 Nf5 15. Bxf6 Qxf6 16. Qxg4 Rhg8 17. Qh3 Qg5 18. Ne4 Qf4 19. Nxc5 dxc5
20. Qf3 Qxf3 21. gxf3 Nd4 22. O-O-O Ne2+ 23. Kd2 {Vlassov,N (2466)-Smikovski,I
(2488) chessassistantclub.com INT 2004 1/2-1/2 (67)}) 9. O-O ({RR} 9. h3 Nf6
10. a3 a6 11. Nd5 g4 12. Nh4 gxh3 13. gxh3 Nxd5 14. Bxd5 Rg8 15. Qh5 Qf6 16.
O-O-O Nd4 17. c3 Nb3+ 18. Bxb3 Be6 19. Bxe6 Qxe6 20. Nf5 O-O-O 21. Bh4 Rde8 22.
Rhg1 Rxg1 23. Rxg1 d5 {Donate Villalba,J (1733)-Lopez Suarez,M Gran Canaria
2017 1-0 (31)}) 9... h5 10. h3 Nh6 $146 ({RR} 10... h4 11. hxg4 hxg3 12. Re1
gxf2+ 13. Kf1 fxe1=Q+ 14. Qxe1 Rh1+ 15. Ke2 Rxe1+ 16. Rxe1 Nd4+ 17. Nxd4 exd4
18. Nb5 Bxg4+ 19. Kd2 c6 20. Nxd4 Bxd4 21. Rf1 Qa5+ 22. c3 Bxc3+ 23. bxc3 O-O-O
24. Rxf7 Qa4 25. Bb3 {Johannes,J-Falke,C (1191) Neumuenster 2005 0-1}) 11. Bh2
g4 12. hxg4 hxg4 13. Ne1 Qh4 14. g3 Qh3 15. Nd5 Nf5 16. exf5 Qxh2# 0-1

[Event "Floripa Chess Open 2024"]
[Site "Florianopolis"]
[Date "2024.01.22"]
[Round "4.218"]
[White "Sikorski, Valentim Enrico"]
[Black "Lisboa, Maria Eduarda Mazza"]
[Result "0-1"]
[WhiteElo "1636"]
[BlackElo "1081"]
[PlyCount "32"]
[EventDate "2024.01.20"]
[EventRounds "10"]
[EventCountry "BRA"]

1. e4 d5 2. exd5 Qxd5 3. Nc3 Qa5 4. Bc4 c6 5. Nf3 Nf6 6. O-O Bf5 7. Re1 e6 8.
Re5 Qc7 9. Qe1 Bd6 10. Rxf5 O-O 11. Bxe6 fxe6 12. Qxe6+ Kh8 13. Ng5 $146 ({RR} 
13. Ne4 Nxe4 14. Rxf8+ Bxf8 15. Qxe4 Nd7 16. d3 Nf6 17. Bf4 Qb6 18. Qe5 Re8 19.
Be3 Qd8 20. Qc3 Nd5 21. Qd4 a6 22. c4 Nf6 23. Qxd8 Rxd8 24. Ne5 Kg8 25. Rc1 Re8
26. Nf3 Ng4 27. Re1 Rd8 {Nass,M-Olsen,J (1567) Oslo 2012 1-0 (53)}) 13... h6
14. Nf3 Nbd7 15. Nh4 Rfe8 16. Qf7 Re1# 0-1